00651nam a2200229 a 4500001001300000003000900013005001700022008004100039020001000080082001800090100002000108245002000128260004500148300000900193500003500202505001000237650002300247902000800270942000700278952011900285999001700404nice12345678IN_TiNIC20260116013527.0050524s1997 muma grp 000 0 eng  ac39500a297.1977bEIC aEickleman, Dale aMuslim Politics aMumbai bOxford University Presss c1997 a235p aincludes index and biblioraphy2 aindex aIslam and Politics bSRS cBK 001040708StackRoom-aHMIbHMId2007-07-03g395.00l0o297.1977 EICp017777r2007-07-03v395.00w2005-05-24yBK c11334d11334